[Event "WWRR IM 2019"]
[Site "Wachtebeke"]
[Date "2019.03.04"]
[Round "4.3"]
[White "Van der Lende, Ilias"]
[Black "De Rover, Yong Hoon"]
[Result "1/2-1/2"]
[WhiteElo "2343"]
[BlackElo "2422"]
[Annotator "TA"]
[PlyCount "125"]
[EventDate "2019.03.02"]
[EventCountry "BEL"]
[SourceTitle "playchess.com"]
[Source "ChessBase"]
[SourceQuality "1"]

{[%evp 16,125,21,-22,0,-56,-60,-50,-39,-49,-19,-33,-1,-7,-20,-130,0,10,18,10,14,35,43,45,113,40,50,37,37,50,37,38,34,41,48,42,41,21,31,24,70,83,71,75,163,161,236,231,223,220,236,205,206,160,129,0,202,206,217,210,198,158,157,162,178,171,189,189,189,182,179,189,189,165,149,137,146,146,776,122,239,227,165,8,8,8,8,8,0,0,0,0,8,8,8,8,8,8,8,8,8,8,8,8,29976,8,8,8,8,0,0,0]} 1. d4 Nf6 2. Nf3 g6 3. Nc3 d6 4. e4 c6 5. h3 Bg7 6. Be3 O-O 7. Qd2 b5 8. Bd3 Nbd7 9. e5 b4 {B08: Pirc Defence: Classical System} 10. Ne4 ({White should try} 10. Ne2 $11 dxe5 11. Nxe5) 10... dxe5 $15 11. dxe5 Nxe4 {Black is slightly better.} 12. Bxe4 Qc7 $146 ({Predecessor:} 12... Nxe5 13. Nxe5 Bxe5 14. Qxb4 Rb8 15. Qc5 Bxb2 16. Rd1 Qb6 17. O-O Qxc5 18. Bxc5 {½-½ (78) Kekelidze,M (2477)-Gagunashvili,M (2486) Tbilisi 2002}) 13. e6 fxe6 14. O-O-O Nf6 15. Qd3 (15. Bd3 $1 $11 {remains equal.}) 15... Nd5 (15... Rb8 $1 $17 {And now ...c5 would win.} 16. Qc4 Nxe4 17. Qxe4 c5) 16. Bd4 $11 e5 17. Bxd5+ cxd5 {[#]} 18. Bxe5 $1 {[%mdl 512]} Bh6+ (18... Bxe5 19. Qxd5+) 19. Kb1 Qb6 (19... Qc5 $14) 20. Qxd5+ (20. Rhe1 $16) 20... Be6 $14 21. Qe4 {Threatens to win with Qh4.} Qa6 {[%csl Ge6][%cal Ra6a2]} 22. b3 {aiming for Qh4.} Bf5 $1 {[%cal Rf5e4]} 23. Qd5+ (23. Qxb4 Bxc2+ 24. Ka1 (24. Kxc2 $2 Qxa2+ 25. Kd3 Rfd8+ 26. Nd4 Rac8 $19) 24... Bxd1 $17) 23... e6 24. Qc4 $36 {[%mdl 2048] White fights for an advantage.} Qxc4 25. bxc4 Be4 $1 26. c5 Rac8 27. Bd6 Rxf3 28. gxf3 Bxf3 {[%mdl 64] Double Attack} 29. Kb2 a5 (29... Bxh1 $16 {was called for.} 30. Rxh1 Bf8) 30. Kb3 $18 Bc6 (30... Bd2 $142 31. Rxd2 Bxh1) 31. Rhe1 Kf7 32. Rd4 Bg5 33. Kc4 Bf6 34. Be5 Be7 35. Bd6 (35. Red1 $1 $16) 35... Bf6 $1 36. Rdd1 Ba4 37. Re2 Bc6 38. Rde1 Bd5+ 39. Kb5 Bxa2 40. c6 (40. Kxa5 Bc3 $16) 40... Bd5 41. c7 ({Weaker is} 41. Kxa5 Rxc6 42. Be5 (42. Bxb4 $2 Bc4 $19) 42... Bc4 $11) 41... Bc3 42. Rd1 $1 Bf3 43. Ree1 $1 Bxe1 44. Rxe1 {[%mdl 4096] Endgame KRB-KRB} Ke8 45. Rxe6+ Kd7 46. Rf6 Ra8 $2 {[%mdl 8192]} (46... Bd5 $16) 47. Kb6 $2 (47. Rxf3 $18 Kxd6 48. Kb6) 47... Bd5 (47... Be4 $16) 48. Bc5 $1 Be6 49. Rxe6 $2 (49. Rf4 $1 $18 {[%cal Rf4d4]} Re8 50. h4 (50. Kxa5 b3 $11)) 49... Kxe6 {KR-KB} 50. Kb7 Re8 {Strongly threatening ...Kd7.} 51. c8=Q+ Rxc8 52. Kxc8 $11 {KB-KP} Kd5 53. Be7 Kc4 {...Kc3 is the strong threat.} 54. Bf6 a4 55. Kd7 {Hoping for Ke6.} b3 $1 {[%cal Rb3c2]} 56. cxb3+ axb3 {KB-K3P} 57. Ke6 Kd3 $1 58. Be5 Ke4 $1 59. Kf6 g5 $2 {[%mdl 8192] [#]} (59... Kf3 $11) 60. Bb2 $2 (60. f3+ $1 {mates} Kxf3 61. Kxg5 Kf2 62. h4 Kg2 63. Bb2 Kf1 64. Kh6 Kf2 65. h5) 60... h6 {The position is equal.} 61. Kg6 Kf3 $1 62. Kxh6 g4 63. hxg4 {Accuracy: White = 52%, Black = 53%.} 1/2-1/2

[Event "WWRR IM 2019"]
[Site "Wachtebeke"]
[Date "2019.03.04"]
[Round "4.4"]
[White "De Ruiter, Danny"]
[Black "Blom, Vincent"]
[Result "1-0"]
[WhiteElo "2328"]
[BlackElo "2265"]
[Annotator "NA RC"]
[PlyCount "153"]
[EventDate "2019.03.02"]
[EventCountry "BEL"]
[SourceTitle "playchess.com"]
[Source "ChessBase"]
[SourceQuality "1"]
[TimeControl "40/5400+30:900+30"]

1. d4 {[%emt 0:00:00]} Nf6 {[%emt 0:00:00]} 2. c4 {[%emt 0:00:56]} e6 {[%emt 0:00:16]} 3. Nf3 {[%emt 0:00:14]} b6 {[%emt 0:03:17]} 4. g3 {[%emt 0:00:38]} Bb7 {[%emt 0:04:55]} 5. Bg2 {[%emt 0:00:10]} Be7 {[%emt 0:03:51]} 6. O-O {[%emt 0:00:30]} O-O {[%emt 0:00:39]} 7. Nc3 {[%emt 0:00:20]} Ne4 {[%emt 0:00:05]} 8. Bd2 {[%emt 0:00:15]} f5 {[%emt 0:07:47]} 9. Qc2 {[%emt 0:01:09]} Bf6 {[%emt 0:11:21]} 10. Rad1 {[%emt 0:00:06]} Nxc3 11. Bxc3 {[%emt 0:00:06]} d6 {[%emt 0:08:13] E18: Queen's Indian: Old Main Line (4 g3 Bb7 5 Bg2 Be7 6 0-0 0-0 7 Nc3)} (11... Be4 12. Qd2 d6 13. Ne1 Bxg2 14. Nxg2 Nd7 15. Qc2 Qe8 16. e4 fxe4 17. Qxe4 e5 18. Qd5+ Qf7 19. Ne3 Rae8 20. Qxf7+ Rxf7 21. Kg2 exd4 22. Bxd4 {1-0 (56) Alekseev,E (2715)-Adams,M (2734) Motril 2008}) 12. Ne1 {[%emt 0:05:16]} Bxg2 {[%emt 0:11:36]} 13. Nxg2 {[%emt 0:00:07]} Qd7 {[%emt 0:14:21]} 14. Ne3 $146 {[%emt 0:11:35]} ({Predecessor:} 14. e4 fxe4 15. Qxe4 d5 16. Qe2 Nc6 17. Nf4 Rae8 18. Qg4 {1-0 (77) Kononenko,T (2388)-Matnadze,A (2415) Antalya 2002}) 14... g6 {[%emt 0:02:53]} 15. d5 {[%emt 0:06:22]} e5 {[%emt 0:00:27]} 16. f4 {[%emt 0:00:05]} exf4 {[%emt 0:07:14]} 17. Bxf6 {[%emt 0:00:17]} Rxf6 {[%emt 0:00:24]} 18. Rxf4 {[%emt 0:01:19]} Qe7 {[%emt 0:04:13]} 19. Qc3 {[%emt 0:08:06]} Nd7 {[%emt 0:00:43]} 20. Nc2 {[%emt 0:00:44]} a5 {[%emt 0:06:00]} 21. Rdf1 {[%emt 0:02:39]} Rff8 {[%emt 0:04:51]} 22. Nd4 {[%emt 0:08:08]} Nc5 {[%emt 0:01:17]} 23. g4 {[%emt 0:01:38]} fxg4 {[%emt 0:01:35]} 24. Nc6 {[%emt 0:05:09]} Qg7 {[%emt 0:00:36]} 25. Rxf8+ {[%emt 0:00:30]} Rxf8 {[%emt 0:00:10]} 26. Rxf8+ {[%emt 0:00:25]} Kxf8 {[%emt 0:00:25]} 27. Qe3 {[%emt 0:00:06]} Qf6 {[%emt 0:01:41]} 28. b3 {[%emt 0:02:39]} h5 {[%emt 0:00:50]} 29. a3 {[%emt 0:00:39]} Kg7 {[%emt 0:02:00]} 30. b4 axb4 {[%emt 0:00:03]} 31. axb4 {[%emt 0:02:12]} Nd7 {[%emt 0:00:50]} 32. Nd4 {[%emt 0:01:08]} (32. Qe8 $1 $15 Nf8 33. Kg2) 32... Ne5 {[%emt 0:01:39]} 33. Ne6+ {[%emt 0:00:11]} Kh7 {[%emt 0:00:10]} 34. c5 {[%emt 0:01:40]} bxc5 {[%emt 0:00:44]} 35. bxc5 {[%emt 0:00:06]} Qh4 {[%emt 0:01:43]} 36. cxd6 {[%emt 0:05:07]} Qe1+ {[%emt 0:00:12]} 37. Kg2 {[%emt 0:00:01]} Nf3 {[%emt 0:00:48]} 38. Nf8+ {[%emt 0:04:15]} Kg7 {[%emt 0:00:34]} 39. Qe7+ {[%emt 0:01:16] Double Attack} Kg8 {[%emt 0:00:31]} 40. exf3 {[%emt 0:00:12]} gxf3+ {[%emt 0:00:27]} 41. Kxf3 {[%emt 0:16:37]} Qf1+ {[%emt 0:15:21]} 42. Ke3 {[%emt 0:01:03]} cxd6 {[%emt 0:00:00]} 43. Ne6 {[%emt 0:00:00]} Qc1+ {[%emt 0:00:00]} 44. Kd3 {[%emt 0:00:00]} Qa3+ {[%emt 0:00:00]} 45. Ke4 {[%emt 0:00:00]} Qb4+ {[%emt 0:00:00]} 46. Ke3 {[%emt 0:00:00]} Qc3+ {[%emt 0:00:00]} 47. Kf4 {[%emt 0:00:00]} Qd2+ {[%emt 0:00:00]} 48. Kg3 {[%emt 0:00:00]} h4+ {[%emt 0:00:15]} 49. Qxh4 {[%emt 0:00:00]} Qe1+ {[%emt 0:00:32]} 50. Kg4 {[%emt 0:01:09]} Qd1+ {[%emt 0:01:02]} 51. Kg5 {[%emt 0:03:11]} Qxd5+ $18 {[%emt 0:00:45]} 52. Kf6 {[%emt 0:00:16]} Qe5+ {[%emt 0:00:38]} 53. Ke7 {[%emt 0:00:08]} Qb2 {[%emt 0:00:36]} 54. Qe4 {[%emt 0:03:19]} Kh8 {[%emt 0:01:11]} 55. Qxg6 {[%emt 0:03:25]} Qb7+ {[%emt 0:00:13]} 56. Kf8 {[%emt 0:03:04]} Qc8+ {[%emt 0:00:50]} 57. Kf7 {[%emt 0:07:46]} Qb7+ {[%emt 0:00:16]} 58. Kf6 {[%emt 0:00:20]} Qb2+ {[%emt 0:00:11]} 59. Kg5 {[%emt 0:00:52]} Qg2+ {[%emt 0:00:12]} 60. Kf6 {[%emt 0:00:04]} Qb2+ {[%emt 0:00:09]} 61. Ke7 {[%emt 0:00:24]} Qb7+ {[%emt 0:00:24]} 62. Kf8 {[%emt 0:00:21]} Qc8+ {[%emt 0:00:36]} 63. Qe8 {[%emt 0:00:04]} Qxe8+ {[%emt 0:00:11]} 64. Kxe8 {[%emt 0:00:02]} Kh7 {[%emt 0:00:11]} 65. Kf7 {[%emt 0:01:43]} Kh6 {[%emt 0:00:15]} 66. Kf6 {[%emt 0:00:05]} Kh5 {[%emt 0:00:15]} 67. Kf5 {[%emt 0:00:30]} Kh4 {[%emt 0:00:27]} 68. Nf4 {[%emt 0:00:26]} d5 {[%emt 0:00:16]} 69. Ke5 {[%emt 0:00:08]} Kg4 {[%emt 0:00:18]} 70. h3+ {[%emt 0:00:20]} Kg3 {[%emt 0:00:41]} 71. Kf5 {[%emt 0:00:05]} d4 {[%emt 0:00:13]} 72. Kg5 {[%emt 0:00:15]} d3 {[%emt 0:00:07]} 73. h4 {[%emt 0:00:13]} d2 {[%emt 0:00:37]} 74. Ne2+ {[%emt 0:00:37]} Kf3 {[%emt 0:01:54]} 75. Nc3 {[%emt 0:00:02]} Ke3 {[%emt 0:00:11]} 76. h5 {[%emt 0:00:19]} Kd3 {[%emt 0:00:10]} 77. Nd1 {[%emt 0:00:02]} 1-0

[Event "WWRR IM 2019"]
[Site "Wachtebeke"]
[Date "2019.03.04"]
[Round "4.5"]
[White "Huynh, Laurent"]
[Black "Vuelban, Virgilio"]
[Result "1/2-1/2"]
[WhiteElo "2138"]
[BlackElo "2272"]
[Annotator "TA"]
[PlyCount "161"]
[EventDate "2019.03.02"]
[EventCountry "BEL"]
[SourceTitle "playchess.com"]
[Source "ChessBase"]
[SourceQuality "1"]

{[%evp 17,161,10,8,0,2,-2,-7,-2,-1,-33,-23,-33,-22,-33,-42,-46,-16,-20,53,44,72,73,80,45,43,39,61,11,24,10,40,10,55,42,54,13,19,14,14,17,41,18,25,0,42,0,37,27,38,0,43,0,44,0,44,15,13,-46,0,-5,0,0,0,0,0,0,0,0,0,0,0,0,0,0,0,0,0,0,54,51,87,16,39,29,76,27,120,114,230,219,200,85,102,35,41,44,65,14,114,106,111,98,145,8,8,8,8,8,8,8,8,8,8,8,8,8,463,507,491,8,8,0,463,429,353,144,160,40,36,36,31,0,0,0,0,0,0,0,0,0,0,0,0,0,0,0]} 1. e4 c5 2. Nf3 d6 3. d4 cxd4 4. Nxd4 Nf6 5. Nc3 Nc6 6. g3 Nxd4 7. Qxd4 g6 8. Bg2 Bg7 9. O-O O-O 10. Qd2 {B70: Sicilian Dragon: 6 g3 and 6 Be2 (without a later Be3)} (10. Qd3 Be6 11. Nd5 Rc8 12. c3 a6 13. Re1 Nd7 14. a4 Ne5 15. Qd1 Re8 16. h3 Nc4 17. Kh2 Bd7 18. Re2 b5 19. axb5 Bxb5 {½-½ (74) Karjakin,S (2781)-Topalov,V (2749) Paris 2017}) 10... Rb8 11. Nd5 $146 ({Predecessor:} 11. a4 a6 12. b3 Be6 13. Ra2 Qc7 14. Nd5 Bxd5 15. exd5 b5 16. axb5 axb5 17. Bb2 Nd7 18. Bxg7 Kxg7 {0-1 (110) Nun,J (2371)-Jirovsky,P (2358) Czechia 2001}) 11... b5 12. c3 Nd7 13. b3 Nc5 14. Bb2 Bb7 15. Rfe1 a5 16. Rad1 Bxd5 17. exd5 b4 (17... a4 $11) 18. cxb4 $14 axb4 19. Bxg7 Kxg7 20. Qd4+ Kg8 21. Rc1 Rb7 22. Be4 Qd7 23. Rc4 Rfb8 24. Kg2 Qg4 25. h3 Qg5 26. Bb1 (26. h4 $5 {[%cal Rh4g5]} Qf6 27. Qd2 $11) 26... Nd7 27. f4 Qf6 28. Qd2 Nc5 29. Re2 Qa1 30. Re1 Qg7 31. Re2 Kf8 (31... Qa1 $5 {[%cal Ra1b1]} 32. Re1 Ra8 $11) 32. Qc1 Rd8 33. Qd2 Rdb8 34. Qc1 Kg8 (34... Rd8 {with more complications.}) 35. Qd2 Qf8 36. h4 Nd7 37. Ree4 (37. f5 $11) 37... Nf6 38. Red4 Qd8 39. f5 Rb5 40. fxg6 hxg6 41. h5 Qa5 $1 42. hxg6 {[#] Qh6 is the strong threat.} Rxd5 43. Rxb4 Rxb4 44. Qxb4 Qa8 45. gxf7+ Kg7 {( -> ...Rxd4+)} 46. Rxd5 Qxd5+ {[%mdl 64] [#] Double Attack} 47. Kf2 Qd1 (47... Qh5 $11 48. Qh4 Qc5+ 49. Ke2 Qc1) 48. Bf5 Kxf7 49. Qc4+ (49. a4 $16) 49... d5 $11 50. Qe2 Qd4+ 51. Qe3 Qb4 (51... Qb2+ $1 $11 52. Qe2 Qd4+ 53. Kg2 Qb6) 52. a4 $16 d4 (52... Ke8 $16 53. Ke2 Qa3) 53. Be6+ $18 Kg6 54. Qd3+ (54. Qf4 $18) 54... Kg7 $16 55. a5 (55. Bf5 $16) 55... Qxa5 56. Qxd4 Qa2+ 57. Ke1 (57. Kf3 $14) 57... Qa6 (57... Qb1+ $1 $11 58. Kd2 Qa2+ 59. Kd3 Qb1+ 60. Kd2 Qa2+ 61. Kd3 Qb1+ 62. Ke2 Qc2+ 63. Qd2 Qg6) 58. Qe5 Kf8 59. g4 {Strongly threatening g5.} Qa2 60. g5 ({White should try} 60. Qf4 $16 {Qh6+ would kill now.} Qa5+ 61. Kd1) 60... Qb1+ $11 61. Kd2 Qe4 62. Qf5 Qg2+ $1 63. Kc1 Qg1+ 64. Kb2 Qg2+ $1 65. Ka3 Qa8+ 66. Kb4 Qb7+ $2 {[%mdl 8192]} (66... Qb8+ $11 {and Black has nothing to worry.} 67. Kc3 Qg3+ 68. Kd4 Qd6+ 69. Kc4 Qc7+ 70. Kd3 Qd6+ 71. Ke3 Qg3+ 72. Kd4 (72. Ke2 Qg2+ 73. Ke3 Qg3+ 74. Kd4 Qd6+ 75. Ke3 Qg3+ $16) 72... Qd6+ 73. Ke3 Qg3+ 74. Kd4 (74. Ke2 Qg2+ 75. Ke3 Qg3+ $16)) 67. Kc3 $18 Qc6+ 68. Kd3 $2 ({White has to play} 68. Bc4 $18) 68... Qd6+ $11 69. Kc3 $2 {[%mdl 8192]} (69. Ke2 $11 Qh2+ 70. Kf1 Qh1+ 71. Kf2 Qh2+ 72. Kf3 Qh1+ 73. Kf2 Qh2+ 74. Kf1 Qh1+ 75. Ke2 Qg2+ 76. Ke3 Qg3+ 77. Kd4 (77. Ke2 Qg2+ 78. Ke3 Qg1+ 79. Kd3 Qg3+ 80. Kd4 Qd6+ 81. Ke3 Qg3+ 82. Kd4 Qd6+ 83. Ke3 Qg3+ $16) 77... Qd6+ 78. Ke3 Qg3+ 79. Ke2 Qg2+ 80. Kd1 Qg1+ 81. Ke2 Qg2+) 69... Qc6+ $18 70. Bc4 Qe4 71. Qc8+ (71. Bd3 $18 Qxf5 72. Bxf5) 71... Ne8 $16 72. Qh3 ({White should play} 72. Qe6 $16 {[%csl Gc4][%cal Re6g8]} Qf3+ 73. Kb4 Qb7+ 74. Ka4 Qa7+ 75. Qa6 Qd7+ 76. Qb5 Qa7+ 77. Qa5 Qd7+ 78. Qb5 Qa7+ 79. Qa5 Qd7+ 80. Qb5) 72... Qe5+ $1 $14 73. Kb4 Nd6 $1 74. Qh6+ Ke8 {The position is equal.} 75. Qh5+ Kd8 76. Qh1 Qxg5 77. Qa8+ Kd7 78. Qa7+ Kd8 79. Qb6+ Kd7 80. Qa7+ Kd8 81. Qb6+ {Accuracy: White = 29%, Black = 47%.} 1/2-1/2

[Event "WWRR IM 2019"]
[Site "Wachtebeke"]
[Date "2019.03.04"]
[Round "5.1"]
[White "Vuelban, Virgilio"]
[Black "Maerevoet, Sim"]
[Result "0-1"]
[WhiteElo "2272"]
[BlackElo "2251"]
[Annotator "TA"]
[PlyCount "100"]
[EventDate "2019.03.02"]
[EventCountry "BEL"]
[SourceTitle "playchess.com"]
[Source "ChessBase"]
[SourceQuality "1"]

{[%evp 14,100,0,-3,24,9,44,-8,0,-29,-12,-29,0,-41,-27,-39,-51,-44,-34,-38,0,0,162,156,200,189,188,185,181,178,169,82,80,86,73,50,50,41,35,39,41,38,64,71,69,45,47,43,26,-15,-9,-135,-139,-190,-173,-200,-115,-145,-138,-139,-136,-139,-131,-145,-116,-134,-104,-264,-162,-143,-151,-153,-150,-241,-212,-239,-245,-283,-243,-251,-231,-222,-230,-641,-640,-656,-642,-640,-622]} 1. e4 c5 2. Nf3 d6 3. d4 cxd4 4. Nxd4 Nf6 5. Nc3 a6 6. Bg5 Nbd7 7. Qd2 e6 8. f3 Qc7 {B95: Sicilian Najdorf: 6 Bg5 e6, unusual White 7th moves} 9. O-O-O Be7 10. Bd3 ({White should try} 10. g4 $14) 10... b5 $11 {[%cal Bb7b5,Bb5b4][%mdl 32] The position is equal.} 11. g4 Bb7 12. Rhe1 O-O 13. h4 b4 14. Nce2 {[%cal Bc3e2,Be2f4,Bf4d5][%mdl 32]} d5 {[%cal Rd5e4]} 15. exd5 Bxd5 16. Kb1 Nb6 17. Nf4 Nc4 $2 (17... Bd6 $11 {and Black stays safe.}) 18. Qe2 $1 $18 Rac8 19. Nxd5 Nxd5 20. Bxe7 Na3+ {[#]} 21. Kc1 $1 Qxe7 {[#]} 22. Qe4 (22. bxa3 $6 b3 $14) (22. Bxa6 Rc5 $16) (22. Qe5 $1 $18 {[%cal Re5d5] has better winning chances. Strongly threatening Qxd5!} Qc5 23. bxa3) 22... Nf6 $16 23. Qf4 {And now g5 would win.} Nb5 24. g5 Nh5 25. Qe4 {[%csl Gd3][%cal Re4h7]} g6 26. Nc6 Qc5 27. Bxb5 {Black must now prevent Ba4.} axb5 28. Nxb4 Ng3 29. Qd4 Qf5 30. Qe5 Qh3 $1 31. Rd4 Nf5 {[%mdl 64] Double Attack} 32. Rde4 (32. Rg4 $11) 32... Nxh4 $17 33. Qxb5 (33. Qf6 $17) 33... Nxf3 $19 34. Rd1 Qg2 ({Black should play} 34... Rfd8 $19 {( -> ...Rxd1+)} 35. Qe2 Rxd1+ 36. Qxd1 Qf5) 35. Qe2 Qxe2 36. Rxe2 Nxg5 37. a4 Rc4 38. c3 Ra8 39. Kc2 h5 ({Stronger than} 39... Rxa4 40. Rd8+ (40. Kb3 Rcxb4+ 41. cxb4 Ra8 $16) 40... Kg7 41. Kb3 $16) 40. Re5 $2 (40. Ra1 $17 {might work better.}) 40... Nf3 ({Inferior is} 40... Rxa4 41. b3 $16) 41. Re3 Rf4 42. Nd3 Rf5 43. b4 (43. Ra1 $17 {is a better defense.}) 43... Rxa4 44. Kb3 Ra8 45. c4 g5 46. b5 Nd4+ 47. Kc3 {[#]} Nxb5+ $1 48. Kb4 $2 (48. cxb5 Rxb5 49. Rg1) 48... Nd4 {Black is clearly winning.} 49. Re4 Nc6+ 50. Kb3 Rd8 {Accuracy: White = 43%, Black = 68%.} 0-1

[Event "WWRR IM 2019"]
[Site "Wachtebeke"]
[Date "2019.03.04"]
[Round "5.2"]
[White "Blom, Vincent"]
[Black "Huynh, Laurent"]
[Result "1-0"]
[WhiteElo "2265"]
[BlackElo "2138"]
[Annotator "TA"]
[PlyCount "69"]
[EventDate "2019.03.02"]
[EventCountry "BEL"]
[SourceTitle "playchess.com"]
[Source "ChessBase"]
[SourceQuality "1"]

{[%evp 16,69,-4,-6,-4,-9,0,-33,-12,-13,-4,-18,14,13,12,5,6,0,7,0,70,0,150,141,208,198,270,257,299,210,534,514,539,541,865,837,1797,1452,5818,5818,29986,29987,29987,29988,29988,29989,29994,29995,29995,29996,29996,29997,29997,29998,29998,29999]} 1. c4 c5 2. Nc3 Nc6 3. g3 g6 4. Bg2 Bg7 5. Nf3 d6 6. O-O e6 7. d3 Nge7 8. e4 O-O 9. Be3 Nd4 {A36: Symmetrical English vs ...g6: 4 Bg2 Bg7} 10. Qd2 (10. Rb1 Nec6 11. a3 Rb8 12. Ne2 Nxf3+ 13. Bxf3 Bxb2 14. Rxb2 Qf6 15. d4 Qxf3 16. Nc3 Qf6 17. e5 {0-1 (58) Kovalev,D (2481)-Khismatullin,D (2664) Moscow 2012}) 10... Nec6 11. h4 $146 ({Predecessor:} 11. Ne1 Rb8 12. Nc2 a6 13. Bg5 Qc7 14. Nxd4 Nxd4 15. Ne2 Nxe2+ 16. Qxe2 b5 17. Rab1 {½-½ (90) Petersen,T (2331)-Pilgaard,K (2432) Denmark 2013}) 11... h5 {Black is slightly better.} 12. Bg5 f6 13. Be3 Nxf3+ (13... b6 {feels hotter.} 14. Rae1 Rb8 15. a3 Bb7 16. b4 Qd7) 14. Bxf3 e5 15. Bg2 Be6 16. f4 Qd7 17. Nd5 Rab8 (17... f5 $11) 18. Rf2 ({White should play} 18. f5 $1 $14 gxf5 19. exf5 Bxf5 20. b4) 18... Bxd5 (18... f5 $11) 19. cxd5 $16 Nd4 {[#]} (19... Ne7 $16 {is a better defense.} 20. fxe5 fxe5) 20. f5 $1 $18 {[%mdl 512]} gxf5 (20... Rbc8 $142 21. fxg6 Qg4) 21. Bh3 Qa4 22. b3 Qa6 $2 ({Avoid the trap} 22... Nxb3 $2 23. Qd1 $18) (22... Qb4) 23. Bxd4 exd4 24. Rxf5 Kf7 25. Rxh5 Rh8 26. Qe2 Rbe8 27. Be6+ Rxe6 28. dxe6+ {White mates.} Kxe6 29. Qg4+ Kf7 30. Qd7+ Kg6 31. Rxh8 Bxh8 {[#]} 32. h5+ $1 {[%mdl 64] Deflection, Decoy} Kxh5 33. Qh7+ Kg5 34. Rf1 Qxd3 35. Rf5+ {Accuracy: White = 61%, Black = 32%.} 1-0

[Event "WWRR IM 2019"]
[Site "Wachtebeke"]
[Date "2019.03.04"]
[Round "5.3"]
[White "De Rover, Yong Hoon"]
[Black "De Ruiter, Danny"]
[Result "0-1"]
[WhiteElo "2422"]
[BlackElo "2328"]
[Annotator "TA"]
[PlyCount "78"]
[EventDate "2019.03.02"]
[EventCountry "BEL"]
[SourceTitle "playchess.com"]
[Source "ChessBase"]
[SourceQuality "1"]

{[%evp 20,78,29,43,72,0,67,87,70,48,60,16,30,29,58,-118,-108,-191,8,7,0,8,68,83,60,0,134,140,122,123,187,189,171,133,127,127,130,26,105,-957,-897,-761,-172,-160,-172,-168,-160,-339,-339,-337,-292,-522,-337,-336,-339,-406,-406,-416,-366,-1454,-1339]} 1. e4 c5 2. Nf3 e6 3. d4 cxd4 4. Nxd4 Nc6 5. Nc3 Qc7 6. Be3 a6 7. Qf3 {B48: Sicilian: Taimanov: 5 Nc3 Qc7 6 Be3 a6 without Be2} (7. Qd2 b5 8. O-O-O Nxd4 9. Bxd4 Bb7 10. f3 Nf6 11. Qg5 Rc8 12. Bd3 h6 13. Qg3 Qxg3 14. hxg3 Bc5 15. Ne2 Bxd4 16. Nxd4 {½-½ (32) Radjabov,T (2757)-Rapport,R (2731) Wijk aan Zee 2019}) 7... Nf6 8. O-O-O Ne5 9. Qg3 b5 10. f4 Neg4 11. Bg1 {LiveBook: 51 Games} h5 {Strongly threatening ...b4.} 12. h3 ({White should play} 12. e5 $16 b4 13. Nb1) 12... h4 $146 (12... b4 $11 13. Nd5 exd5 14. hxg4 Nxe4) ({Predecessor:} 12... b4 13. Nb1 Nxe4 14. Qe1 Qxf4+ {0-1 (41) Sylvan,J (2341)-Bjerre,J (2378) Ballerup 2018}) 13. Qe1 $14 Nh6 (13... Qxf4+ $6 14. Kb1 $11) 14. e5 b4 15. Na4 (15. exf6 $6 bxc3 16. Qxc3 Qxc3 $15) 15... Nd5 16. Qxh4 d6 {aiming for ...Bd7.} 17. Qg3 $2 (17. f5 $14 {stays ahead.}) 17... Bd7 $17 18. f5 (18. Nb6 $17 {keeps fighting.} Nxb6 19. f5 exf5 20. e6 $1 {[%mdl 512]} Bxe6 21. Qe3) 18... Nxf5 $2 (18... Bxa4 $19 19. b3 Qc3) 19. Nxf5 $11 Bxa4 {[%csl Ga4][%cal Rc7c2]} 20. b3 $1 {Black must now prevent Rxd5.} Rc8 (20... Qc3 $1 $11 21. Qxc3 (21. Nxd6+ Bxd6 22. Qxc3 Nxc3 $14) (21. Nxg7+ Kd7 $17) 21... Nxc3 22. Nxd6+ Bxd6 23. Rxd6 Bb5) 21. Bc4 $14 Nc3 {Threatens to win with ...Ne2+!} 22. Nxg7+ ({Better is} 22. Re1 $1 $14 dxe5 23. Nxg7+ Kd8 24. Be3) 22... Kd7 {[#]} (22... Kd8 $11 23. exd6 Qa5) 23. Qf3 $1 $16 {And now exd6 would win.} Bxg7 24. Qxf7+ Kc6 25. Rxd6+ Kb7 26. Rb6+ (26. Qxe6 Bc6 $11) (26. Bxe6 Qxf7 27. Rb6+ Kc7 $17) 26... Ka8 27. Rxa6+ Kb8 {[#]} 28. Qxe6 ({But not} 28. Ba7+ $6 Kb7 $14) (28. Rb6+ $1 $16 Ka8 29. Qxe6) 28... Rh6 (28... Ne2+ $1 $11 29. Kb1 Nc3+ 30. Kb2 Bxe5) 29. Qxh6 $4 {[%mdl 8192]} (29. Bb6 $16 Qxc4 30. Qxc4 (30. bxc4 Rxe6 31. Ba7+ Ka8 $11) 30... Rxc4 31. bxc4) 29... Bxh6+ $19 (29... Nxa2+ 30. Kb1 $11) 30. Rxh6 Ne2+ $2 (30... Bb5 31. Rd6 Bxc4) 31. Kb1 Nxg1 $40 {[%mdl 128] Black has strong attack.} 32. Rxg1 Qxe5 {...Qe3 is the strong threat.} 33. Ra6 $2 (33. Rb6+ $17 Kc7 34. Re6) 33... Bc6 34. Rc1 Kb7 ({Not} 34... Bxg2 35. Rb6+ Kc7 36. Rxb4 $19) 35. a3 $2 (35. h4) 35... bxa3 36. Rxa3 {intending Ba6+.} Rf8 37. Bd3 Bxg2 38. h4 Bc6 39. Bg6 $2 (39. Ba6+ Kb8 40. Bd3) 39... Qd6 {Precision: White = 28%, Black = 57%.} 0-1

[Event "WWRR IM 2019"]
[Site "Wachtebeke"]
[Date "2019.03.04"]
[Round "5.4"]
[White "Beukema, Jasper"]
[Black "Van der Lende, Ilias"]
[Result "0-1"]
[WhiteElo "2282"]
[BlackElo "2343"]
[Annotator "TA"]
[PlyCount "38"]
[EventDate "2019.03.02"]
[EventCountry "BEL"]
[SourceTitle "playchess.com"]
[Source "ChessBase"]
[SourceQuality "1"]

{[%evp 9,38,-4,16,-13,45,16,29,23,43,50,44,59,60,46,54,39,41,9,4,7,28,-36,-22,-41,-47,-410,-405,-575,-583,-576,-560]} 1. d4 d5 2. c4 dxc4 3. Qa4+ c6 4. Qxc4 Nf6 5. Nc3 (5. Nf3 Bf5 6. g3 e6 7. Bg2 Nbd7 8. O-O Be7 9. e3 O-O 10. Rd1 Qc7 11. Nc3 e5 12. h3 Rad8 13. Qe2 exd4 14. Nxd4 Bg6 15. e4 Bb4 16. Bf4 Qc8 17. g4 {0-1 (53) Bryzgalin,K (2430)-Van den Doel,E (2598) Innsbruck 2018}) 5... b5 6. Qd3 $1 {D20: Queen's Gambit Accepted: 3 e3 and 3 e4} g6 (6... b4 $11 7. Ne4 Ba6 8. Nxf6+ gxf6) 7. g3 Bg7 8. Bg2 {White has an edge.} O-O 9. Nf3 Qa5 $146 ({Predecessor:} 9... b4 10. Na4 Qa5 11. b3 Bf5 12. Qc4 {½-½ (45) Mataix Arbona,C (1914)-Reed,A (2081) ICCF email 2016}) 10. O-O b4 11. Ne4 Ba6 12. Qe3 Nbd7 13. Nxf6+ exf6 14. Re1 c5 15. dxc5 (15. a3 $11) 15... Rfe8 $36 {[%mdl 2048] White is under pressure.} 16. Qf4 Nxc5 17. Bd2 $2 {[%mdl 8192] [#]} ({Better is} 17. a3 $1 $15) 17... Re4 $19 18. Qd6 (18. Bxb4 $142 Rxb4 19. Nd4) 18... Rd8 19. Bxb4 Rxb4 {Accuracy: White = 28%, Black = 31%.} ({And not} 19... Rxd6 20. Bxa5 f5 21. e3 $11) 0-1